The Magic Mountain : A Novel /

Guardado en:
Detalles Bibliográficos
Autor principal: Mann, Thomas (autor)
Otros autores: Woods, John E. (traducción) (traducción)
Formato: Libro
Idioma:Inglés
Publicado: Nueva York, EUA : Vintage Books, 1996, c1995
Etiquetas: Agrega una etiqueta
Sin etiquetas, Sé el primero en etiquetar este registro!

MARC

LEADER 00000nam^a2200000^a^4500
001 000628210
005 20260218000000.0
009 20260310134108.189
020 |a 0-679-77287-1 
037 |a Acervo Xavier Clavigero 
041 |a ING 
091 |a FHG. 01337 
100 |a Mann, Thomas  |e (autor) 
245 1 4 |a The Magic Mountain :  |b A Novel / 
264 4 |a Nueva York, EUA :  |b Vintage Books,  |c 1996, c1995 
300 |a XII, 706 p. 
336 |a texto  |b txt  |2 rdacontenido 
337 |a sin mediación  |b n  |2 rdamedio 
338 |a volumen  |b nc  |2 rdasoporte 
649 |a XX 
700 |a Woods, John E.  |e (traducción) 
910 |a Fondo Humberto García Bedoy S.J. 
920 |a Impresos - Libros 
930 |a Fondos Especiales 
940 |a Literatura 
905 |a 148 
901 |a 628210-10  |b IT2  |c ESP  |i D  |u 20260218 
902 |a https://opac.biblio.iteso.mx/vufind/Record/000628210